Biggest countries - Sudden death - Statistics

General Stats
  • This quiz has been taken 55 times
  • The average score is 11 of 20
Answers on the Grid
Answers color-coded by a green-red scale on the quiz's grid according to % correct below.
Afghanistan
Algeria
Angola
Argentina
Australia
Bolivia
Brazil
Canada
Chad
Chile
China
Colombia
Democratic Republic of the Congo
Egypt
Ethiopia
India
Indonesia
Iran
Kazakhstan
Libya
Mali
Mauritania
Mexico
Mongolia
Mozambique
Myanmar
Namibia
Niger
Nigeria
Pakistan
Peru
Russia
Saudi Arabia
South Africa
Sudan
Tanzania
Turkey
United States
Venezuela
Zambia
 
Answer Stats
Answer % Correct
#4 China
84%
#2 Canada
82%
#6 Australia
79%
#5 Brazil
79%
#3 United States
79%
#1 Russia
76%
#7 India
68%
#10 Algeria
63%
#11 Democratic Republic of the Congo
63%
#9 Kazakhstan
58%
#8 Argentina
53%
#13 Mexico
53%
#12 Saudi Arabia
45%
#18 Mongolia
42%
#14 Indonesia
39%
#15 Sudan
29%
#17 Iran
26%
#20 Chad
24%
#16 Libya
13%
#19 Peru
11%
No matching quizzes found
Score Distribution
Percent of People with Each Score
Percentile by Number Answered
Your Score History
You have not taken this quiz